Ωκεανός : μυθιστόρημα
Saved in:
| Main Author: | |
|---|---|
| Format: | Book |
| Language: | Greek |
| Published: |
[Αθήνα] :
Βιβλιοπωλείον της Εστίας,
1956.
|
| Subjects: | |
| Tags: |
Add Tag
No Tags, Be the first to tag this record!
|
MARC
| LEADER | 00000cam a2200000 a 4500 | ||
|---|---|---|---|
| 001 | 1/112821 | ||
| 008 | 170125s1956####gr | ||| |||| ||gre|| | ||
| 040 | |a GR-MyUa |b gre |c GR-MyUa |e AACR2 | ||
| 041 | 0 | |a gre | |
| 082 | 7 | |a 889.3 |2 (23) | |
| 100 | 1 | |a Βενέζης, Ηλίας, |d 1904-1973. | |
| 245 | 1 | 0 | |a Ωκεανός : |b μυθιστόρημα / |c Ηλία Βενέζη. |
| 260 | |a [Αθήνα] : |b Βιβλιοπωλείον της Εστίας, |c 1956. | ||
| 300 | |a 277, [2] σ. ; |c 20 εκ. | ||
| 650 | 0 | |a Greek fiction, Modern. | |
| 852 | |a INST |b SAMOS |e 20170125 |h 889.3 ΒΕΝ |p 005300044199 |q 005300044199 |t BK |y 0 | ||
| 970 | |a Γουβάλα |b Βάσω |z 25-01-2017 | ||